| 000 | 01336cam a2200373 a 4500 | ||
|---|---|---|---|
| 001 | 16938545 | ||
| 003 | OSt | ||
| 005 | 20160510140150.0 | ||
| 008 | 110829s2012 nyua b 001 0 eng | ||
| 010 | _a 2011034378 | ||
| 020 | _a9781441149978 (hardcover) | ||
| 020 | _a144114997X (hardcover) | ||
| 020 | _a9781441168337 (pbk) | ||
| 020 | _a1441168338 (pbk.) | ||
| 040 | _aSEKU | ||
| 042 | _apcc | ||
| 050 | 0 | 0 |
_aHM 742 _b.G6 |
| 082 | 0 | 0 |
_a302.30285 _223 |
| 100 |
_aGournelos, Ted, _d1979- |
||
| 245 | 0 | 0 |
_aTransgression 2.0 : _bmedia, culture, and the politics of a digital age / _cedited by Ted Gournelos and David J. Gunkel. |
| 260 |
_aNew York, NY : _bContinuum, _c2012. |
||
| 300 |
_axii, 300 p. : _bill. ; _c24 cm. |
||
| 504 | _aIncludes bibliographical references and index. | ||
| 505 | 0 | _aMashup/remix/repurpose -- Pornography and beyond -- Media 2.0 : legitimacy, power, and information -- Law, social disturbance, and political unrest. | |
| 650 | 0 | _aSocial media. | |
| 650 | 0 |
_aSocial media _xPolitical aspects. |
|
| 650 | 0 | _aSocial movements. | |
| 650 | 0 |
_aTechnological innovations _xSocial aspects. |
|
| 650 | 0 |
_aTransgression (Ethics) _xSocial aspects. |
|
| 650 | 0 |
_aTransgression (Ethics) _xPolitical aspects. |
|
| 650 | 0 |
_aCulture _y21st century. |
|
| 700 | 1 | _aGunkel, David J. | |
| 942 |
_2lcc _cGEN |
||
| 999 |
_c13628 _d13628 |
||